000 00611nam a2200241Ia 4500
003 OSt
005 20221007072400.0
006 a|||||r|||| 00| 0
007 ta
008 221006b |||||||| |||| 00| 0 eng d
024 _a23,981
037 _cTextual
040 _aFLL
_cFLL
_beng
041 _2eng
_aeng
082 _aZ3,5, J8:K4
100 _aTurner J. W. Cecil
245 0 _aRusell on crime
250 _a12th
260 _aLondon
_bStevens & Sons UK
_c1964
300 _axiv,1583,58p
_ccm.
942 _hZ3,5, J8:K4
_cTEXL
_2CC
999 _c1145915
_d1145915